MARC

LEADER 00000nam0a2200000 4500
001 300798
005 20231102001334.0
020 |a RU  |b 82-34616 
035 |a (RuTPU)RU\TPU\book\325951 
090 |a 300798 
100 |a 20150716d1982 km y0rusy5003 ca 
101 0 |a rus 
102 |a RU 
105 |a a z 001zy 
200 1 |a Геофизические поля и тектоника Средней Азии  |f Б. Б. Таль-Вирский 
210 |a Москва  |c Недра  |d 1982 
215 |a 272 с.  |c ил. 
320 |a Библиогр.: с. 267-269 
606 1 |a Геофизика  |2 stltpush  |3 (RuTPU)RU\TPU\subj\38590  |9 59017 
606 1 |a Тектоника  |2 stltpush  |3 (RuTPU)RU\TPU\subj\58770  |9 76521 
610 1 |a силы тяжести 
610 1 |a аномалии 
610 1 |a геомагнитное поле 
610 1 |a сейсмичность 
610 1 |a геофизические данные 
610 1 |a интерпретация 
610 1 |a земная кора 
610 1 |a строение 
610 1 |a Туранская плита 
610 1 |a Тянь-Шань 
610 1 |a история 
675 |a 550.3  |v 3 
675 |a 551.24  |v 3 
700 1 |a Таль-Вирский  |b Б. Б.  |g Борис Борисович 
801 0 |a RU  |b RuMRKP  |c 19950704  |g psbo 
801 1 |a RU  |b 63413507  |c 20150716 
801 2 |a RU  |b 63413507  |c 20160831  |g RCR 
942 |c BK